Impactos del TLC: proyectos del Eximbank sobre la producción petrolera de México /
সংরক্ষণ করুন:
| প্রধান লেখক: | |
|---|---|
| বিন্যাস: | পাঠ্য |
| বিষয়গুলি: | |
| ট্যাগগুলো: |
ট্যাগ যুক্ত করুন
কোনো ট্যাগ নেই, প্রথমজন হিসাবে ট্যাগ করুন!
|
MARC
| LEADER | 00000 a a2200000 04500 | ||
|---|---|---|---|
| 001 | 46024 | ||
| 003 | |||
| 040 | |||
| 100 | |a Barbosa Cano, Fabio | ||
| 245 | |a Impactos del TLC: |b proyectos del Eximbank sobre la producción petrolera de México / |c Fabio Barbosa Cano | ||
| 650 | |a TLC | ||
| 650 | |a TRATADO DE LIBRE COMERCIO | ||
| 650 | |a MEXICO | ||
| 650 | |a PRODUCCION PETROLERA | ||
| 773 | |g número63 (1992), páginas 8-13 | ||
| 999 | |c 32499 |d 32499 | ||
